[Event "NED-ch op U18"]
[Site "Enschede"]
[Date "2010.08.12"]
[Round "6"]
[White "Laan, Kart"]
[Black "Rauw, Gert Jan"]
[Result "0-1"]
[WhiteElo "1814"]
[BlackElo "2074"]
[PlyCount "70"]
[EventDate "2010.08.09"]
[EventType "swiss"]
[EventRounds "9"]
[EventCountry "NED"]
[SourceTitle "CBM 137 Extra"]
[Source "ChessBase"]
[SourceDate "2010.09.01"]
[SourceVersion "1"]
[SourceVersionDate "2010.09.01"]
[SourceQuality "1"]

1. Nf3 Nf6 2. c4 e6 3. b3 b6 4. g3 Bb7 5. Bg2 Be7 6. Bb2 0-0 7. Nc3 d6 8. Qc2 c5 9. 0-0 Nc6 10. Rad1 Rc8 11. d4 cxd4 12. Nxd4 Nxd4 13. Rxd4 Bxg2 14. Kxg2 Qc7 15. Qb1 Rfd8 16. Rfd1 a6 17. Kg1 Nd7 18. h4 Qb8 19. Ne4 Nf6 20. Nxf6+ Bxf6 21. Rg4 Be5 22. h5 Qc7 23. e4 Qc5 24. Bc1 b5 25. Be3 Qc6 26. Qc1 bxc4 27. Bh6 cxb3 28. Rxg7+ Kh8 29. Qg5 Rg8 30. Rxg8+ Rxg8 31. Qd2 bxa2 32. Qxa2 Qxe4 33. Qd2 Bxg3 34. Bg5 Bf4 35. Qc3+ Qe5 0-1

[Event "NED-ch op U18"]
[Site "Enschede"]
[Date "2010.08.09"]
[Round "1"]
[White "Rauw, Gert Jan"]
[Black "Van der Hoeven, Gert Jan"]
[Result "0-1"]
[WhiteElo "2074"]
[BlackElo "2271"]
[PlyCount "44"]
[EventDate "2010.08.09"]
[EventType "swiss"]
[EventRounds "9"]
[EventCountry "NED"]
[SourceTitle "CBM 137 Extra"]
[Source "ChessBase"]
[SourceDate "2010.09.01"]
[SourceVersion "1"]
[SourceVersionDate "2010.09.01"]
[SourceQuality "1"]

1. e4 c5 2. Nf3 d6 3. Nc3 Nf6 4. d4 cxd4 5. Nxd4 a6 6. Be2 e5 7. Nb3 Be7 8. 0-0 0-0 9. f4 b5 10. Bf3 Bb7 11. Qe1 Nbd7 12. f5 Qc7 13. Qg3 Kh8 14. a3 a5 15. Qf2 b4 16. axb4 axb4 17. Nb5 Qb8 18. Qe1 Rxa1 19. Nxa1 Ba6 20. c4 bxc3 21. Nxc3 Bxf1 22. Qxf1 Qa7+ 0-1

[Event "NED-ch U21"]
[Site "Haarlem"]
[Date "2010.04.29"]
[Round "1"]
[White "Ootes, Lars"]
[Black "Rauw, Gert Jan"]
[Result "1-0"]
[WhiteElo "2312"]
[BlackElo "2067"]
[PlyCount "79"]
[EventDate "2010.04.29"]
[EventType "swiss"]
[EventRounds "9"]
[EventCountry "NED"]
[SourceTitle "EXT 2011"]
[Source "ChessBase"]
[SourceDate "2010.11.26"]
[SourceVersion "1"]
[SourceVersionDate "2010.11.26"]
[SourceQuality "1"]

1. e4 c6 2. d4 d5 3. exd5 cxd5 4. c4 Nf6 5. Nc3 e6 6. Nf3 Be7 7. cxd5 Nxd5 8. Bc4 Nxc3 9. bxc3 Nd7 10. 0-0 Qc7 11. Qd3 0-0 12. Bb3 Rd8 13. Bc2 g6 14. Ng5 Nf6 15. Re1 b6 16. Qh3 a5 17. Re5 Bd6 18. Re3 Bb7 19. Qh4 Be7 20. Rh3 h5 21. Bf4 Qc6 22. Qg3 Nd5 23. Ne4 Nxf4 24. Qxf4 Kg7 25. Rg3 Rd5 26. Qe3 Rh8 27. Re1 b5 28. Bb3 Rf5 29. Nd2 h4 30. Rg4 Rhh5 31. h3 Bf6 32. Bc2 Rfg5 33. Nf3 Rxg4 34. hxg4 Rg5 35. Be4 Qxe4 36. Qxe4 Bxe4 37. Nxg5 Bxg2 38. Nxe6+ fxe6 39. Kxg2 Kf7 40. Rb1 1-0

[Event "Groningen op-A"]
[Site "Groningen"]
[Date "2009.12.30"]
[Round "9"]
[White "Balje, Jan"]
[Black "Rauw, Gert Jan"]
[Result "1-0"]
[WhiteElo "2188"]
[BlackElo "2070"]
[PlyCount "93"]
[EventDate "2009.12.21"]
[EventType "swiss"]
[EventRounds "9"]
[EventCountry "NED"]
[SourceTitle "CBM 134 Extra"]
[Source "ChessBase"]
[SourceDate "2010.03.03"]
[SourceVersion "1"]
[SourceVersionDate "2010.03.03"]
[SourceQuality "1"]

1. d4 Nf6 2. c4 e6 3. g3 d5 4. Bg2 Be7 5. Nf3 0-0 6. 0-0 dxc4 7. Qc2 b6 8. Nbd2 Bb7 9. Nxc4 Nbd7 10. Bf4 Nd5 11. Rfd1 Nxf4 12. gxf4 Nf6 13. Nce5 Be4 14. Qc4 Qd6 15. Rac1 Qb4 16. Nc6 Bxc6 17. Qxb4 Bxb4 18. Rxc6 Nd5 19. e3 Bd6 20. Ne5 Ne7 21. Rc2 Rac8 22. Nc4 Rfd8 23. Rdc1 g6 24. Bb7 Rb8 25. Nxd6 cxd6 26. Rc7 Nf5 27. Ba6 Ra8 28. Bb7 Rab8 29. Ba6 Ra8 30. b4 d5 31. b5 Nd6 32. a4 Nc4 33. Bb7 Rab8 34. Ba6 Ra8 35. Bb7 Rab8 36. Bc6 Kg7 37. Rxa7 Kf6 38. e4 Nd2 39. exd5 Nf3+ 40. Kg2 Nxd4 41. d6 Rxd6 42. Be4 Ne2 43. Rcc7 Nxf4+ 44. Kf3 Nh3 45. Rxf7+ Ke5 46. Ke3 Ng5 47. f4# 1-0

[Event "Groningen op-A"]
[Site "Groningen"]
[Date "2009.12.29"]
[Round "8"]
[White "Rauw, Gert Jan"]
[Black "Thompson, Ian D"]
[Result "0-1"]
[WhiteElo "2070"]
[BlackElo "2266"]
[PlyCount "122"]
[EventDate "2009.12.21"]
[EventType "swiss"]
[EventRounds "9"]
[EventCountry "NED"]
[SourceTitle "CBM 134 Extra"]
[Source "ChessBase"]
[SourceDate "2010.03.03"]
[SourceVersion "1"]
[SourceVersionDate "2010.03.03"]
[SourceQuality "1"]

1. e4 e6 2. d4 d5 3. Nd2 Nf6 4. e5 Nfd7 5. Bd3 c5 6. c3 Nc6 7. Ne2 cxd4 8. cxd4 f6 9. exf6 Nxf6 10. 0-0 Bd6 11. Nf3 Qc7 12. Ng3 0-0 13. Bd2 Bd7 14. Re1 Rae8 15. Rc1 Qb6 16. Bc3 Bf4 17. Rc2 Nb4 18. Bxb4 Qxb4 19. Ne5 Bb5 20. Ne2 Bxe5 21. a3 Bxh2+ 22. Kh1 Qa5 23. Bxb5 Qxb5 24. Nc3 Qd7 25. Kxh2 Qf7 26. Nb5 Ne4 27. Qe2 a6 28. Nc3 Nd6 29. Qg4 Qf4+ 30. Qxf4 Rxf4 31. Rce2 Kf7 32. Na4 Rxd4 33. Nc5 Ne4 34. Nxb7 Rb8 35. Na5 Rb6 36. f3 Nf6 37. Rc1 Ra4 38. Nc6 Nd7 39. g3 Kf6 40. Re3 Rxb2+ 41. Kh3 Rc4 42. Rxc4 dxc4 43. Na5 Nb6 44. Rc3 Rb5 45. Nxc4 Nxc4 46. Rxc4 Rb3 47. Ra4 Rxf3 48. Rxa6 h5 49. Ra8 Rd3 50. a4 g5 51. Kg2 Kf5 52. Rb8 Rd2+ 53. Kf3 g4+ 54. Ke3 Rg2 55. Rf8+ Ke5 56. Rh8 Rxg3+ 57. Kf2 Rh3 58. a5 Kf4 59. a6 Rh2+ 60. Kg1 Ra2 61. Ra8 h4 0-1

[Event "Waling Dijkstra Gr-A"]
[Site "Leeuwarden"]
[Date "2009.11.15"]
[Round "5"]
[White "Bosboom, Manuel"]
[Black "Rauw, Gert Jan"]
[Result "1-0"]
[WhiteElo "2450"]
[BlackElo "2070"]
[PlyCount "63"]
[EventDate "2009.11.13"]
[EventType "swiss"]
[EventRounds "6"]
[EventCountry "NED"]
[SourceTitle "EXT 2010"]
[Source "ChessBase"]
[SourceDate "2010.11.25"]
[SourceVersion "1"]
[SourceVersionDate "2010.11.25"]
[SourceQuality "1"]

1. c4 Nf6 2. b3 c6 3. Bb2 e6 4. Nf3 d5 5. e3 Be7 6. Qc2 Nbd7 7. g4 Nxg4 8. Rg1 Ndf6 9. Nc3 Qc7 10. h3 Nh6 11. Rxg7 Nf5 12. Rg1 Bd7 13. Bd3 0-0-0 14. cxd5 cxd5 15. Rc1 Kb8 16. Bxf5 exf5 17. Qd3 Qa5 18. a3 Rhg8 19. Rxg8 Rxg8 20. b4 Qd8 21. Qd4 Bc6 22. b5 Be8 23. a4 Qd6 24. Nb1 Nd7 25. Ba3 Qe6 26. Qf4+ Ne5 27. Nxe5 Bxb5 28. axb5 Bxa3 29. Nxa3 Rg1+ 30. Ke2 Rxc1 31. Nc6+ Ka8 32. Qb8# 1-0

[Event "Waling Dijkstra Gr-A"]
[Site "Leeuwarden"]
[Date "2009.11.14"]
[Round "3"]
[White "Nicolai, Amir"]
[Black "Rauw, Gert Jan"]
[Result "0-1"]
[WhiteElo "1847"]
[BlackElo "2070"]
[PlyCount "53"]
[EventDate "2009.11.13"]
[EventType "swiss"]
[EventRounds "6"]
[EventCountry "NED"]
[SourceTitle "EXT 2010"]
[Source "ChessBase"]
[SourceDate "2010.11.25"]
[SourceVersion "1"]
[SourceVersionDate "2010.11.25"]
[SourceQuality "1"]

1. e4 c6 2. d4 d5 3. Nc3 dxe4 4. Nxe4 Nd7 5. Bd3 Ngf6 6. Ng5 e6 7. Bd2 Bd6 8. Qe2 Qc7 9. N1h3 h6 10. Nf3 b6 11. 0-0-0 c5 12. Bc4 0-0 13. Rhe1 Bb7 14. Bc3 Nd5 15. Rd3 b5 16. Bxd5 Bxd5 17. dxc5 Nxc5 18. Re3 Bxa2 19. Ne5 Rac8 20. Qxb5 a6 21. Qe2 Na4 22. Qg4 Nxc3 23. Rxc3 Qa5 24. Rce3 Bb3 25. R1e2 Qa1+ 26. Kd2 Rxc2+ 27. Kd3 0-1

[Event "Enschede op-B U16"]
[Site "Enschede"]
[Date "2009.08.07"]
[Round "7"]
[White "Suurmond, Rik"]
[Black "Rauw, Gert Jan"]
[Result "0-1"]
[WhiteElo "1834"]
[BlackElo "2125"]
[PlyCount "45"]
[EventDate "2009.08.03"]
[EventType "swiss"]
[EventRounds "9"]
[EventCountry "NED"]
[SourceTitle "CBM 132 Extra"]
[Source "ChessBase"]
[SourceDate "2009.11.03"]
[SourceVersion "1"]
[SourceVersionDate "2009.11.03"]
[SourceQuality "1"]

1. e4 c6 2. d4 d5 3. Nd2 dxe4 4. Nxe4 Nd7 5. Nf3 Ngf6 6. Nxf6+ Nxf6 7. Bg5 e6 8. Bd3 Be7 9. c3 b6 10. 0-0 0-0 11. Qd2 Nd5 12. Rfe1 Bb7 13. a3 Rc8 14. Rac1 c5 15. Bxe7 Nxe7 16. Rcd1 Bxf3 17. gxf3 cxd4 18. cxd4 Ng6 19. Kh1 Qh4 20. Re4 Qh3 21. Qe2 f5 22. Rxe6 Nf4 23. Qf1 0-1

[Event "NED-ch U17"]
[Site "Venlo"]
[Date "2009.04.30"]
[Round "7"]
[White "Klein, David"]
[Black "Rauw, Gert Jan"]
[Result "1-0"]
[WhiteElo "2239"]
[BlackElo "2006"]
[PlyCount "51"]
[EventDate "2009.04.24"]
[EventType "swiss"]
[EventRounds "9"]
[EventCountry "NED"]
[SourceTitle "EXT 2013"]
[Source "ChessBase"]
[SourceDate "2012.11.22"]
[SourceVersion "1"]
[SourceVersionDate "2012.11.22"]
[SourceQuality "1"]

1. e4 c6 2. d4 d5 3. e5 c5 4. dxc5 Nc6 5. Bb5 e6 6. Be3 Nge7 7. c3 Bd7 8. Bxc6 Bxc6 9. Nf3 Nf5 10. Bd4 a5 11. 0-0 Nxd4 12. Qxd4 a4 13. Nbd2 Ra5 14. Qg4 Rxc5 15. a3 h5 16. Qg3 Qb6 17. Nd4 Qxb2 18. N2f3 Qxc3 19. Rab1 h4 20. Qg5 h3 21. Nxc6 Rxc6 22. Rfc1 Be7 23. Rxc3 Bxg5 24. Rxc6 bxc6 25. Nxg5 0-0 26. Nxh3 1-0

[Event "NED-ch U17"]
[Site "Venlo"]
[Date "2008.05.03"]
[Round "9"]
[White "Rauw, Gert Jan"]
[Black "Van Vliet, Harry"]
[Result "1-0"]
[WhiteElo "1902"]
[BlackElo "2076"]
[PlyCount "63"]
[EventDate "2008.04.25"]
[EventType "swiss"]
[EventRounds "9"]
[EventCountry "NED"]
[SourceTitle "CBM 123 Extra"]
[Source "ChessBase"]
[SourceDate "2008.05.06"]
[SourceVersion "1"]
[SourceVersionDate "2008.05.06"]
[SourceQuality "1"]

1. e4 e5 2. Nf3 Nc6 3. Bc4 Nf6 4. d3 Be7 5. c3 d6 6. 0-0 0-0 7. Re1 Na5 8. Bb5 a6 9. Ba4 b5 10. Bc2 c5 11. Nbd2 Qc7 12. Nf1 Re8 13. Bg5 h6 14. Bc1 Bf8 15. Ng3 Bb7 16. Nh4 d5 17. Nhf5 c4 18. Qf3 cxd3 19. Bxd3 dxe4 20. Nxe4 Nxe4 21. Bxe4 Rad8 22. b4 Nc6 23. Qg4 Kh8 24. Re3 Qd7 25. Rd3 Qe6 26. Rg3 Qg6 27. Qf3 Qf6 28. Bg5 Qe6 29. Nxh6 Nd4 30. Nxf7+ Kg8 31. Bh7+ Kxh7 32. Rh3+ 1-0

[Event "NED-ch U17"]
[Site "Venlo"]
[Date "2008.04.30"]
[Round "6"]
[White "Rauw, Gert Jan"]
[Black "Ypma, Peter"]
[Result "1-0"]
[WhiteElo "1902"]
[BlackElo "1987"]
[PlyCount "91"]
[EventDate "2008.04.25"]
[EventType "swiss"]
[EventRounds "9"]
[EventCountry "NED"]
[SourceTitle "CBM 123 Extra"]
[Source "ChessBase"]
[SourceDate "2008.05.06"]
[SourceVersion "1"]
[SourceVersionDate "2008.05.06"]
[SourceQuality "1"]

1. e4 e5 2. Nf3 Nc6 3. Bc4 Bc5 4. c3 Nf6 5. d3 d6 6. Bb3 a6 7. 0-0 0-0 8. Re1 Ng4 9. Rf1 Kh8 10. h3 Nh6 11. Bg5 Qd7 12. d4 Ba7 13. dxe5 Nxe5 14. Nxe5 dxe5 15. Bxh6 gxh6 16. Qh5 Qd6 17. Na3 Qg6 18. Qxe5+ f6 19. Qh2 Qxe4 20. Rae1 Qg6 21. Re7 Bf5 22. Qxc7 Be4 23. Rxe4 Qxe4 24. Bc2 Bxf2+ 25. Kh1 Bb6 26. Qxb6 Qe7 27. Qd4 Rad8 28. Qf4 Qg7 29. Bb3 Qg5 30. Qxg5 hxg5 31. Rf2 Kg7 32. Kh2 h5 33. Nc2 Rd6 34. Nd4 Kh8 35. Bd1 h4 36. Re2 Rfd8 37. Bc2 Kg8 38. Bf5 Kf7 39. Bg4 b6 40. Nf5 Rd2 41. Re7+ Kf8 42. Bh5 Rxb2 43. Rf7+ Kg8 44. Nh6+ Kh8 45. Bg6 Rxa2 46. Rh7# 1-0